Score 0/12 Timer 01:00
1 Play Today
% Correct
Dwarfs in Snow White
91.8%
Santa's Reindeer
90.6%
Deadly Sins
90.1%
Rainbow Colors
89.4%
Harry Potter Books
87.7%
The Brady Bunch Children
82.7%
Continents
82.5%
Plagues of Egypt
79.9%
Ivy League Schools
79.6%
Sides on a Cube
79.6%
New England States
71.7%
Hills of Rome
66.5%

Today's Daily Dose

Remove Ads.
Support Sporcle.
Get the best of Sporcle when you Go Orange. This ad-free experience offers more features, more stats, and more fun while also helping to support Sporcle. Thank you for becoming a member.

You're not logged in!

Compare scores with friends on all Sporcle quizzes.
OR
Log In

Show Comments

Extras

Top Quizzes Today


Score Distribution

Your Account Isn't Verified!

In order to create a playlist on Sporcle, you need to verify the email address you used during registration. Go to your Sporcle Settings to finish the process.

Report this User

Report this user for behavior that violates our Community Guidelines.

Details: